Za pět minut dvanáct : reportážní hra o devíti obrazech /

Hlavní autor: Špidlík, František
Další autoři: Novák, Karel, 1916-1968, Rektorisová, Klementina, 1906-1973
Jazyk: Čeština
Vydáno: Praha : Práce, 1949
Edice: Hry ZK
Život v klubech ROH
Fyzický popis: 43, [3] s. ; 8°
Knihy
Uloženo v:
LEADER 01153nam a22003132a 4500
001 001838513
003 CZ BrMZK
005 20221025142801.0
007 ta
008 221025s1949 xr er|||||||||||cze d
015 |a cnb000675109 
035 |a (OCoLC)85432965 
040 |a ABA001  |b cze  |c CBA001  |d ABA001  |d BOA001 
100 1 |a Špidlík, František  |7 jk01130897  |4 aut 
245 1 0 |a Za pět minut dvanáct :  |b reportážní hra o devíti obrazech /  |c František Špidlík a Karel Novák ; jazyková úprava: Dr K. Rektorisová 
260 |a Praha :  |b Práce,  |c 1949 
300 |a 43, [3] s. ;  |c 8° 
490 1 |a Hry ZK ;  |v Č. 45 
490 1 |a Život v klubech ROH ;  |v Sv. 3 
500 |a 5000 výt. 
700 1 |a Novák, Karel,  |d 1916-1968  |7 jk01090468  |4 aut 
700 1 |a Rektorisová, Klementina,  |d 1906-1973  |7 jk01102307  |4 oth 
830 0 |a Hry ZK 
830 0 |a Život v klubech ROH 
910 |a BOA001  |b 2-0228.915 
990 |a BK 
991 |b 202210 
996 7 |b 2618747093  |c 2-0228.915  |l MZK  |r Sklad / do 24 hodin  |n 1  |w 001903666  |u 000020  |a 1  |e BOA001  |j MZK50  |s A 
996 6 |b 2618747094  |c 2-0228.915  |l MZK  |r Sklad / do 24 hodin  |n 0  |w 001903666  |u 000010  |a 1  |e BOA001  |j MZK50  |s P